Valores de la persona y tecnicas educativas /

Guardado en:
Formato: Libro
Publicado: Buenos Aires : Secretar¡a de educaci¢n de la Municipalidad de Buenos Aires, 1981
Materias:
Etiquetas: Agregar Etiqueta
Sin Etiquetas, Sea el primero en etiquetar este registro!
LEADER 00576nam a22001815a 4500
001 CEM.cems008606
005 20060214000000.0
008 130507s1981##################000#0#####d
003 CEMS
082 0 4 |a 370 
245 0 0 |a Valores de la persona y tecnicas educativas / 
260 |a Buenos Aires :  |b Secretar¡a de educaci¢n de la Municipalidad de Buenos Aires,  |c 1981 
300 |a 179 p. 
653 |a Calidad de la educacion 
653 |a Educacion 
653 |a Educacion y valores 
653 |a Sociologia de la educacion 
859 |a CEMS  |b BIB. CEMS - 11 de abril  |h 370  |i V247  |p 12815.83  |t Ej.1